| 000 -CABECERA |
| campo de control de longitud fija |
01874nam a22003497a 4500 |
| 003 - IDENTIFICADOR DEL NÚMERO DE CONTROL |
| campo de control |
OSt |
| 005 - FECHA Y HORA DE LA ÚLTIMA TRANSACCIÓN |
| campo de control |
20251027154829.0 |
| 008 - DATOS DE LONGITUD FIJA--INFORMACIÓN GENERAL |
| campo de control de longitud fija |
251027b ||||| |||| 00| 0 spa d |
| 020 ## - NÚMERO INTERNACIONAL ESTÁNDAR DEL LIBRO |
| Número Internacional Estándar del Libro |
9786289568967 |
| 040 ## - FUENTE DE LA CATALOGACIÓN |
| Centro/agencia transcriptor |
CO-Mq BPB |
| 041 0# - CÓDIGO DE LENGUA |
| Código de lengua original |
spa |
| 043 ## - CÓDIGO DE ÁREA GEOGRÁFICA |
| Código de área geográfica |
e-sp--- |
| 084 ## - OTRO NÚMERO DE CLASIFICACIÓN |
| Número de clasificación |
A |
| Número de documento/Ítem |
LOPs |
| 100 ## - ENTRADA PRINCIPAL--NOMBRE DE PERSONA |
| Nombre de persona |
López Ávila, Pilar |
| Fechas asociadas al nombre |
1969- |
| Término indicativo de función/relación |
aut |
| 9 (RLIN) |
291995 |
| 245 10 - MENCIÓN DE TÍTULO |
| Título |
Si yo fuera / |
| Mención de responsabilidad, etc. |
Pilar López Ávila. |
| 250 ## - MENCIÓN DE EDICIÓN |
| Mención de edición |
Edición especial |
| 264 #1 - PRODUCCIÓN, PUBLICACIÓN, DISTRIBUCIÓN, FABRICACIÓN Y COPYRIGHT |
| Producción, publicación, distribución, fabricación y copyright |
Bogotá, Colombia : |
| Nombre del de productor, editor, distribuidor, fabricante |
AS ediciones, |
| Fecha de producción, publicación, distribución, fabricación o copyright |
2024 |
| 300 ## - DESCRIPCIÓN FÍSICA |
| Extensión |
30 páginas sin numerar : |
| Otras características físicas |
Ilustraciones a color, tapa dura |
| Dimensiones |
26 cm |
| 336 ## - TIPO DE CONTENIDO |
| Término de tipo de contenido |
texto |
| Código de tipo de contenido |
txt |
| Fuente |
rdacontenido |
| 337 ## - TIPO DE MEDIO |
| Nombre/término del tipo de medio |
sin mediación |
| Código del tipo de medio |
n |
| Fuente |
rdamedio |
| 338 ## - TIPO DE SOPORTE |
| Nombre/término del tipo de soporte |
volumen |
| Código del tipo de soporte |
nc |
| Fuente |
rdasoporte |
| 520 ## - SUMARIO, ETC. |
| Sumario, etc. |
Este álbum, de estructura circular e iterativa, nos plantea un bello recorrido por el ciclo natural, el que equilibra de forma armónica un planeta actualmente amenazado por el hombre. En el se pone en valor la diversidad de nuestro planeta y la conexión del ser humano con la Naturaleza, como un elemento más de una rica cadena de la que somos parte esencial. Este itinerario culmina con una llamada a la acción por parte de la protagonista, la niña que se reconoce como parte del frágil equilibrio de la naturaleza. El mensaje se refuerza con las coloristas ilustraciones de la ilustradora colombiana Gina Rosas Moncada |
| Identificador Uniforme del Recurso |
<a href="https://www.casadellibro.com.co/libro-si-yo-fuera/9788418284335/12884850">https://www.casadellibro.com.co/libro-si-yo-fuera/9788418284335/12884850</a> |
| 521 ## - NOTA DE PÚBLICO DESTINATARIO |
| Nota de público destinatario |
Recomendado para un público infantil mayor de 3 años |
| 545 ## - DATOS BIOGRÁFICOS O HISTÓRICOS |
| Datos biográficos o históricos |
Incluye datos biográficos del autor e ilustradora |
| 650 04 - PUNTO DE ACCESO ADICIONAL DE MATERIA--TÉRMINO DE MATERIA |
| Término de materia o nombre geográfico como elemento de entrada |
Álbumes infantiles españoles |
| Subdivisión cronológica |
Siglo XX |
| 9 (RLIN) |
2651 |
| 650 07 - PUNTO DE ACCESO ADICIONAL DE MATERIA--TÉRMINO DE MATERIA |
| Término de materia o nombre geográfico como elemento de entrada |
Aceptación social |
| 9 (RLIN) |
194028 |
| 650 07 - PUNTO DE ACCESO ADICIONAL DE MATERIA--TÉRMINO DE MATERIA |
| Término de materia o nombre geográfico como elemento de entrada |
Ecosistemas |
| Subdivisión general |
Conservación |
| 9 (RLIN) |
239568 |
| Fuente del encabezamiento o término |
lemb |
| 650 07 - PUNTO DE ACCESO ADICIONAL DE MATERIA--TÉRMINO DE MATERIA |
| Término de materia o nombre geográfico como elemento de entrada |
Libros ilustrados para niños |
| 9 (RLIN) |
16 |
| 650 04 - PUNTO DE ACCESO ADICIONAL DE MATERIA--TÉRMINO DE MATERIA |
| Término de materia o nombre geográfico como elemento de entrada |
Literatura infantil española |
| 9 (RLIN) |
912 |
| 650 07 - PUNTO DE ACCESO ADICIONAL DE MATERIA--TÉRMINO DE MATERIA |
| Término de materia o nombre geográfico como elemento de entrada |
Relación hombre |
| 9 (RLIN) |
203229 |
| Fuente del encabezamiento o término |
lemb |
| 942 ## - ELEMENTOS DE PUNTO DE ACCESO ADICIONAL (KOHA) |
| Tipo de ítem Koha |
Libro Infantil |